60's Band Members - Statistics

General Stats
  • This quiz has been taken 286 times
  • The average score is 13 of 22
Answer Stats
Members Band % Correct
Harrison, Lennon, McCartney, Starr The Beatles
99%
Daltry, Townsend, Moon, Entwistle The Who
93%
Jagger, Richards, Wyman, Watts, Jones The Rolling Stones
91%
Bruce, Baker, Clapton Cream
90%
Page, Plant, Jones, Bonham Led Zeppelin
84%
Wilson, Wilson, Wilson, Love, Jardine The Beach Boys
80%
Morrison, Densmore, Krieger, Manzarek The Doors
79%
Iommi, Butler, Osbourne, Ward Black Sabbath
74%
Fogerty, Fogerty, Cook, Clifford Creedence Clearwater Revival
71%
Barrett, Waters, Wright, Mason Pink Floyd
71%
Davies, Davies, Quaife, Avory The Kinks
68%
Jones, Nesmith, Tork, Dolenz The Monkees
65%
McGuinn, Clark, Crosby, Clarke, Hillman The Byrds
48%
Stills, Martin, Palmer, Furay, Young. Buffalo Springfield
43%
Ross, Wilson, Ballard The Supremes
34%
Ruffin, Franklin, Williams, Williams, Kendricks The Temptations
34%
Danko, Helm, Hudson, Manuel, Robertson The Band
30%
Clark, Smith, Davidson, Payton, Huxley The Dave Clark Five
29%
Stubbs, Fakir, Benson, Payton The Four Tops
23%
Bachman, Cummings, Kale, Peterson The Guess Who
21%
Blunstone, Argent, Atkinson, White, Grundy The Zombies
20%
Rodgers, Kossoff, Fraser, Kirke Free
18%
No matching quizzes found
Score Distribution
Percent of People with Each Score
Percentile by Number Answered
Your Score History
You have not taken this quiz